El cortejo de la Irene (Record no. 173959)
[ view plain ]
| 000 -LEADER | |
|---|---|
| campo de control de longitud fija | 01347namaa22002411 4500 |
| 001 - NÚMERO DE CONTROL | |
| campo de control | 173959 |
| 003 - IDENTIFICADOR DE NÚMERO DE CONTROL | |
| campo de control | ES-MaACL |
| 005 - FECHA Y HORA DE LA ÚLTIMA TRANSACCIÓN | |
| campo de control | 20250713080257.0 |
| 008 - DATOS DE LONGITUD FIJA--INFORMACIÓN GENERAL | |
| campo de control de longitud fija | 100203s1896 sp r |||| | spa d |
| 100 1# - ENTRADA PRINCIPAL--NOMBRE DE PERSONA | |
| Nombre de persona | Fernández-Shaw, Carlos, |
| Fechas asociadas al nombre | 1865-1911 |
| 9 (RLIN) | 50098 |
| 245 13 - MENCIÓN DEL TÍTULO | |
| Título | El cortejo de la Irene |
| Resto del título | : zarzuela en un acto dividido en cuatro cuadros y un intermedio : en prosa y verso / |
| Mención de responsabilidad, etc. | original de Carlos fernández Shaw ; música del maestro Ruperto Chapí. |
| 260 ## - PUBLICACIÓN, DISTRIBUCIÓN, ETC. | |
| Lugar de publicación, distribución, etc. | Madrid : |
| Nombre del editor, distribuidor, etc. | Administración Lírico-Dramática, |
| Fecha de publicación, distribución, etc. | 1896 ( |
| Fabricante | R. Velasco, imp.) |
| 300 ## - DESCRIPCIÓN FÍSICA | |
| Extensión | 59 p., 1 h. ; |
| Dimensiones | 19 cm. |
| 500 ## - NOTA GENERAL | |
| Nota general | En port.: Estrenada en el teatro Eslava la noche del 6 de febrero de 1896. |
| 500 ## - NOTA GENERAL | |
| Nota general | Dedicatoria del autor del libreto al maestro Chapí. |
| 500 ## - NOTA GENERAL | |
| Nota general | Advertencia del autor para la representación de la obra en los teatros de provincia. |
| 500 ## - NOTA GENERAL | |
| Nota general | Al final, reconocimiento y agradecimiento al director y a los artistas que han representado la obra. |
| 500 ## - NOTA GENERAL | |
| Nota general | Solo la letra. |
| 520 8# - RESUMEN, ETC. | |
| Sumario, etc. | La acción transcurre en aranjuez durante los días 18 y 19 de mayo de 1808. |
| 700 1# - ENTRADA AGREGADA--NOMBRE PERSONAL | |
| Nombre de persona | Chapí, Ruperto, |
| Fechas asociadas al nombre | 1851-1909 |
| 9 (RLIN) | 38014 |
| 852 ## - LOCALIZACIÓN | |
| Ubicación | ES-MaACL |
| Número de control de estantería | F-8635(2) |
| Nota libre | .- Enc. pasta española |
| condición física | .- Falto de la cub. original |
| Nota libre | .- Enc. en un vol. facticio formando parte de la col. facticia "Teatro español moderno", vol. 90 |
| Estatus retirado | Estado de pérdida | Estado de daño | No para préstamo | Colección | Biblioteca de origen | Biblioteca actual | Ubicación en estantería | Fecha de adquisición | Fuente de adquisición | Total de préstamos | Signatura topográfica completa | Código de barras | Visto por última vez | Precio de reemplazo | Tipo de ítem Koha |
|---|---|---|---|---|---|---|---|---|---|---|---|---|---|---|---|
| Libros del s. XIX | Biblioteca del Ateneo de Madrid | Biblioteca del Ateneo de Madrid | Sala Pecera Planta 2 | 03/02/2010 | F-8635(2) | 1182606 | 23/02/2023 | 23/02/2023 | Libro impreso antiguo |
